| 000 | 00670nam0a22002291 4500 | ||
|---|---|---|---|
| 001 | RU\NLR\BIBL_A\022426063 | ||
| 005 | 20250625231042.0 | ||
| 035 | _a(NLR Aleph) 022426063 | ||
| 090 |
_a13340845 _c13340845 |
||
| 100 | _a20250114d1959 |||y0rusy50 ca | ||
| 101 | 1 |
_arus _ctur |
|
| 102 | _aRU | ||
| 105 | _aa z 000ay | ||
| 200 | 1 |
_aТурецкие Народные Сказки _gПер.с тур. Н. Цветинович |
|
| 210 |
_aМ. _cХудожественная Литература _d1959 |
||
| 215 |
_a239 с. _cил. |
||
| 852 |
_aNLR _bОЛСАА-сл-спр _j2-1370 |
||
| 942 | _cBOOK | ||
| 980 | 1 | _aSL_SPR | |
| 980 | 1 | _aSL_SPR | |
| 980 | _aNB | ||